Encounters with world affairs : (Record no. 3387)

MARC details
000 -LEADER
fixed length control field 00634cam a2200169 i 4500
008 - FIXED-LENGTH DATA ELEMENTS--GENERAL INFORMATION
fixed length control field 140815s2015 enk b 001 0 eng
020 ## - INTERNATIONAL STANDARD BOOK NUMBER
ISBN 9781472411150 (hardback : alk. paper)
020 ## - INTERNATIONAL STANDARD BOOK NUMBER
ISBN 9781472411167 (pbk. : alk. paper)
100 1# - MAIN ENTRY--AUTHOR
Author Kavalski, Emilian.
245 10 - TITLE STATEMENT
Title Encounters with world affairs :
Remainder of title an introduction to international relations /
Statement of responsibility, etc edited by Emilian Kavalski, Australian Catholic University, Australia.
260 ## - PUBLICATION, DISTRIBUTION, ETC. (IMPRINT)
Place of publication England
Name of publisher Ashgate Publishing Limited
Date of publication 2015
300 ## - COLLATION
Pagination xviii, 433 pages ;
650 #0 - TRACINGS
Main Subject International relations
Subdivision (1st) Case studies.
942 ## - ADDED ENTRY ELEMENTS (KOHA)
Item type Books
050 00 - LIBRARY OF CONGRESS CALL NUMBER
Classification number JZ1305
Item number .K3785 2015
082 00 - DEWEY DECIMAL CLASSIFICATION NUMBER
Classification number 327
Holdings
Source of classification or shelving scheme Not for loan Permanent location Current location Date acquired Accession No. Full call number Barcode. Koha item type
Library of Congress Classification   Samuel Ogbemudia Main Library, University of Abuja Samuel Ogbemudia Main Library, University of Abuja 05/12/2025 2024/64002 JZ1305.K37 2025-1857 Books